| 000 | 00659nam a2200229 4500 | ||
|---|---|---|---|
| 008 | |||
| 020 | _a0582462312 (hbk) | ||
| 049 | _aMAIN | ||
| 090 |
_aQA402.5 _bVAJ |
||
| 100 | 1 | _aVajda, S. | |
| 245 | 1 | 0 |
_aTheory of linear and non-linear programming / _c[by] S. Vajda. |
| 260 |
_a[London] : _bLongman, _c[1974] |
||
| 300 |
_aviii, 118 p. ; _c22 cm. |
||
| 504 | _aIncludes Bibliographical references. | ||
| 650 | 0 | _aLinear programming. | |
| 650 | 0 | _aNonlinear programming. | |
| 907 |
_a.b10040109 _b10-04-13 _c17-04-03 |
||
| 003 | |||
| 005 | 20230123134114.0 | ||
| 040 | _cNUST | ||
| 942 |
_cBOOKS _kQA402.5 _mVAJ |
||
| 999 |
_c160117 _d160117 |
||